000 00358pam a2200157a 44500
008 230515b2009 xxu||||| |||| 00| 0 eng d
020 _aNULL
041 _aENGLISH
082 _a004.33 AYA
100 _aAYALA KENNETH
245 _aTHE 8051 MICROCONTROLLER & EMBEDDED SYSTEMS
250 _a1
260 _a
_bNA
_c2009
300 _a517
650 _aNULL
999 _c640282
_d640282